000 01043nam a2200301Ia 4500
005 20220317001416.0
008 161108s2013 mx a g 000 0 spa
020 _a9786071615169
100 1 _aSatoshi, Kitamura
_d1956-
245 1 0 _aA comer!
_cSatoshi Kitamura
250 _a1a. edición
300 _a[14] páginas
_bilustraciones en color
_c19 cm
490 _aLos especiales de A la orilla del viento
521 _aRecomendado para niños de 2 a 4 años
650 1 4 _2LEMB
_aÁlbumes infantiles japoneses
_ySiglo XX
650 1 4 _2LEMB
_aLiteratura infantil japonesa
_ySiglo XX
650 1 4 _2LEMB
_aPerros en la literatura
650 1 4 _2LEMB
_aAlimentos en la literatura
650 1 4 _2LEMB
_aLibros ilustrados para niños
700 1 _aSatoshi, Kitamura
_972461
942 _2loc
_cBKLIT
264 _aMéxico
_bFondo de Cultura Económica
_c2013
336 _atexto
_btxt
_2rdacontent
337 _asin mediación
_bn
_2rdamedia
338 _avolumen
_bnc
_2rdacarrier
040 _aCO-BoRNBP
_bspa
_erda
_cCO-BoRNBP
084 _aA SAT1
999 _c6889
_d6889